000
00304nam a2200121Ia 4500
005
20251222142013.0
008
251222s9999||||xx |||||||||||||| ||spa||
082
_a
657.45/C25
100
_a
Canevaro, Nicolás
245
0
_a
El Auditor Financiero y sus Papeles de Trabajo
264
_b
FAVAL
942
_c
LIB
999
_c
10387
_d
10387